banner-ar

MODERN FURNITURE CLASSICS SINCE 1945 / (Record no. 24536)

MARC details
000 -الفاتح
حقل البيانات ثابتة الطول 00499nam a2200181Ia 4500
008 - عناصر البيانات ثابتة الطول - معلومات عامة
حقل البيانات ثابتة الطول 140319s9999 xx 000 0 eng d
040 ## - مصدر الفهرسة
وكالة الفهرسة الأصلية GCL /
وكالة النسخ GCL
082 04 - رقم تصنيف ديوى العشرى
رقم التصنيف 749.20495
رقم المادة C M
100 1# - المدخل الرئيسى - إسم شخصى
الإسم الشخصى PETER FIELL
245 10 - بيان العنوان
العنوان MODERN FURNITURE CLASSICS SINCE 1945 /
بيان المسئوليه,etc PETER FIELL
700 1# - المدخل الاضافى - اسم شخصى
الإسم الشخصى CHARLOTTE FIELL
260 ## - PUBLICATION, DISTRIBUTION, ETC. (IMPRINT)
تاريخ النشر أو التوزيع 1991
300 ## - الوصف المادى
التعداد 192 P
650 04 - المدخل الاضافى بالموضوع-مصطلح موضوعى
مصطلح موضوعي HISTORY
650 04 - المدخل الاضافى بالموضوع-مصطلح موضوعى
مصطلح موضوعي FURNITURE DESIGN - HISTORY
942 ## - عناصر المدخل الإضافي( كوها)
مصدر التصنيف او مخطط الترفيف Dewey Decimal Classification
Koha [default] item type كتاب
260 ## - PUBLICATION, DISTRIBUTION, ETC. (IMPRINT)
-- [S.N] :
-- THE AMERICAN INSTITUTE OF ARCHITECTS ،
Holdings
حالة التراجع حالة الفقد حالة تلف ليس للاعارة المكان المؤقت الموقع الحالى تاريخ الاكتساب اجمالي اﻻعارات رقم الطلب الباركود تاريخ اخر مشاهدة تاريخ تفعيل السعر نوع وعاء كوها
        مكتبة القاهرة الكبرى مكتبة القاهرة الكبرى 03/26/2014   749.20495\C M 43516 03/26/2014 03/26/2014 كتاب

Powered By

EGPV